000 00323nam a2200121Ia 4500
008 151213s9999 xx 000 0 und d
245 _aLet us Sifting up 1-2-3 Tutorial Quick Stored and Sample Applications
260 _aU S A
_bLotus
_c1989
300 _a3130 p.
650 _aComputer
650 _aComputer
999 _c2155
_d2155